Azjatyckie Stolice - Statystyki

Ogólne statystyki
  • Ten quiz został rozwiązany 932 razy
  • Średni wynik to 29 z 45
Statystyki odpowiedzi
Hint Odpowiedź % Poprawnych
Rosja Moskwa
99%
Chiny Pekin
99%
Japonia Tokio
99%
Korea Południowa Seul
95%
Indie Nowe Delhi
89%
Singapur Singapur
88%
Korea Północna Pjongjang
87%
Kazachstan Nur-Sułtan
83%
Tajlandia Bangkok
80%
Zjednoczone Emiraty Arabskie Abu Zabi
76%
Indonezja Dżakarta
75%
Wietnam Hanoi
75%
Iran Teheran
75%
Azerbejdżan Baku
74%
Mongolia Ułan Bator
73%
Arabia Saudyjska Rijad
71%
Gruzja Tbilisi
71%
Syria Damaszek
70%
Kuwejt Kuwejt
70%
Malediwy Male
70%
Irak Bagdad
68%
Armenia Erywań
68%
Afganistan Kabul
67%
Filipiny Manila
67%
Pakistan Islamabad
63%
Malezja Kuala Lumpur
62%
Nepal Katmandu
60%
Katar Doha
59%
Jemen Sana
58%
Liban Bejrut
56%
Jordania Amman
55%
Bangladesz Dhaka
55%
Sri Lanka Kotte
55%
Laos Wientian
52%
Kirgistan Biszkek
51%
Oman Maskat
48%
Kambodża Phnom Penh
47%
Timor Wschodni Dili
46%
Turkmenistan Aszchabad
45%
Tadżykistan Duszanbe
44%
Uzbekistan Taszkent
43%
Bahrajn Manama
42%
Mjanma Naypyidaw
40%
Bhutan Thimphu
40%
Brunei Bandar Seri Begawan
35%
Nie znaleziono quizów pasujących do podanych kryteriów
Rozkład punktacji
Procent ludzi z każdym wynikiem
Percentyl według liczby udzielonych odpowiedzi
Twoja historia wyników
Nie rozwiązałeś tego quizu